Study guide and solutions manual for Organic chemistry: a short course. 12th ed. / (Record no. 3554)

MARC details
000 -LEADER
fixed length control field 00651nam a22002052 4500
001 - CONTROL NUMBER
control field 0000012117
005 - DATE AND TIME OF LATEST TRANSACTION
control field 20151217145855.0
008 - FIXED-LENGTH DATA ELEMENTS--GENERAL INFORMATION
fixed length control field 090203s xx 000 0 eng d
020 ## - INTERNATIONAL STANDARD BOOK NUMBER
International Standard Book Number 0618590773 :
040 ## - CATALOGING SOURCE
Original cataloging agency KABU
Transcribing agency KABU
245 10 - TITLE STATEMENT
Title Study guide and solutions manual for Organic chemistry: a short course. 12th ed. /
Statement of responsibility, etc. Harold Hart ...[et al.].
250 ## - EDITION STATEMENT
Edition statement 1st ed.
260 ## - PUBLICATION, DISTRIBUTION, ETC. (IMPRINT)
Place of publication, distribution, etc. Boston :
Name of publisher, distributor, etc. Houghton Mifflin,
Date of publication, distribution, etc. 2007.
300 ## - PHYSICAL DESCRIPTION
Extent viii, 388 p.
650 #0 - SUBJECT ADDED ENTRY--TOPICAL TERM
Topical term or geographic name as entry element Chemistry, Organic.
-- 0000154158
700 1# - ADDED ENTRY--PERSONAL NAME
Personal name Hart, Harold.
-- 0000154180
852 1# - LOCATION
-- p2254.35 KES
908 ## - PUT COMMAND PARAMETER (RLIN)
Put command parameter 090203
950 ## - LOCAL HOLDINGS (RLIN)
-- 1
Holdings
Withdrawn status Lost status Source of classification or shelving scheme Not for loan Home library Current library Date acquired Total Checkouts Full call number Barcode Date last seen Date last checked out Price effective from Koha item type
    Library of Congress Classification   Kabarak, Main Campus Kabarak, Main Campus 17/12/2015 2 QD251.2 .S78 2007 c. 2 16515 15/03/2021 13/03/2021 17/12/2015 General Collection
    Library of Congress Classification   Kabarak, Main Campus Kabarak, Main Campus 17/12/2015 2 QD251.2 .S78 2007 c. 1 16514 06/03/2025 04/03/2025 17/12/2015 General Collection
Designed with assistance from East African Informatics Ltd